000 00661nam a2200277Ia 4500
005 20260324150038.0
008 008 260324s9999 xx 000 0 eng d
020 _a9781315763507
037 _aEBOOK
040 _aCRL
040 _beng
040 _cCRL
041 _2eng
041 _aeng
084 _qCRL
100 _aColin Fletcher
_91225072
245 4 _aThe Person in the Sight of Sociology (RLE Social Theory)
260 _bTaylor and Francis
260 _c1975
365 _a
365 _b76.99
856 _uhttp://www.taylorfrancis.com/books/9781315763507
942 _cEBOOK
999 _c1833872
_d1833872